|
|
|
|
| LEADER |
01054nam a2200241 i 4500 |
| 003 |
GR-PaULI |
| 005 |
20231018113657.0 |
| 008 |
231018s1967 it af||| |||| 001 0 ita d |
| 040 |
|
|
|a GR-PaULI
|b gre
|c GR-PaULI
|e AACR2
|
| 082 |
0 |
4 |
|2 23
|a 913.395 5
|
| 100 |
1 |
|
|9 200445
|a Salvini, Mirjo
|e συγγραφέας.
|
| 245 |
1 |
0 |
|a Nairi e Ur(u)atri :
|b contributo alla storia della formazione del regno di Urartu /
|c Mirjo Salvini.
|
| 260 |
|
|
|a Roma :
|b Edizioni dell' Ateneo,
|c 1967.
|
| 300 |
|
|
|a 106, [7] σ. :
|b [4] φύλλα με πίνακες,
|c 27 εκ.
|
| 490 |
1 |
|
|a Incunabula graeca ;
|v 16
|
| 500 |
|
|
|a Περιλαμβάνει ευρετήριο.
|
| 651 |
|
4 |
|9 183638
|a Αρμενία
|x Ιστορία.
|
| 651 |
|
4 |
|9 200446
|a Ουράρτου
|
| 830 |
|
0 |
|9 200173
|a Incunabula graeca
|v 16.
|
| 942 |
|
|
|2 ddc
|c BK
|
| 952 |
|
|
|0 0
|1 0
|2 ddc
|4 0
|6 913_395000000000000_5_SAL
|7 0
|9 374815
|a LISP
|b LISP
|c BSC
|d 2023-10-18
|e ΛΑΖ
|i 261436
|l 0
|o 913.395 5 SAL
|p 025000303287
|r 2023-10-18 00:00:00
|t 1
|w 2023-10-18
|y BK15
|
| 998 |
|
|
|c ΛΟΤΣΑΡΗ
|d 2023-10
|
| 999 |
|
|
|c 218572
|d 218572
|